|
|
|
|
| LEADER |
00862pam a22002538a 4500 |
| 001 |
00021912 |
| 005 |
20171026081023.0 |
| 008 |
110526s1989 ||||||Viesd |
| 041 |
0 |
# |
|a Vie
|
| 082 |
1 |
4 |
|a 813
|b NG558GI
|
| 100 |
0 |
# |
|a Malamud, Bernard
|
| 245 |
0 |
0 |
|a Người giúp việc
|c Bernard Malamud; Vĩnh Khôi dịch
|
| 260 |
# |
# |
|a Đà Nẵng
|b Nxb Đà Nẵng
|c 1989
|
| 300 |
# |
# |
|a 351 tr.
|c 19 cm.
|
| 650 |
# |
4 |
|a Văn học Mỹ
|
| 650 |
# |
4 |
|a Văn học hiện đại Mỹ
|
| 650 |
# |
4 |
|a Văn học hiện đại nước ngoài
|
| 653 |
# |
# |
|a Tiểu thuyết
|
| 700 |
0 |
# |
|a Vĩnh Khôi
|e dịch
|
| 852 |
# |
# |
|b Kho mượn
|j KM.0010682
|
| 852 |
# |
# |
|b Kho đọc
|j KD.0007411
|
| 852 |
# |
# |
|j KD.0007411
|j KM.0010682
|
| 910 |
0 |
# |
|a Ngọc
|d 26/05/2011
|
| 980 |
# |
# |
|a Trung tâm Học liệu Lê Vũ Hùng, Trường Đại học Đồng Tháp
|